000 00771nam a2200229 a 4500
005 20260324064019.0
008 991125s1992 es 000 0 spa u
020 _a8429435891
035 _aUPN01000011576
049 _aCG
050 4 _aLA916
_bC66
245 0 4 _aLos contenidos en la reforma :
_benseñanza y aprendizaje de conceptos, procedimientos y actitudes /
_cCésar Coll ... [et al.].
260 _aMadrid :
_bSantillana,
_c1992.
300 _a202 p.
440 0 _aAula XXI.
_pSantillana ;
_v52
590 _aBibliografía Básica (BGTQ)
590 0 _a(También localizas un ejemplar en el "Área de Reserva")
650 4 _aEducación
_zEspaña
_96843
650 4 _aReforma educativa
_91530
700 1 _aColl, César,
_d1950-
_ecoaut.
_930885
905 _aLibro
999 _c11576
_d11576